UBT Library

A short guide to writing about biology / (Record no. 44031)

000 -LEADER
fixed length control field 00850cam a2200253 a 4500
001 - CONTROL NUMBER
control field 15700838
005 - DATE AND TIME OF LATEST TRANSACTION
control field 20180302071016.0
008 - FIXED-LENGTH DATA ELEMENTS--GENERAL INFORMATION
fixed length control field 090415s2010 nyua b 001 0 eng
010 ## - LIBRARY OF CONGRESS CONTROL NUMBER
LC control number 2009015281
020 ## - INTERNATIONAL STANDARD BOOK NUMBER
International Standard Book Number 9780205667277
020 ## - INTERNATIONAL STANDARD BOOK NUMBER
International Standard Book Number 0205667279
035 ## - SYSTEM CONTROL NUMBER
System control number (OCoLC)ocn318672878
040 ## - CATALOGING SOURCE
Original cataloging agency DLC
Transcribing agency DLC
Modifying agency YDXCP
-- C#P
-- DLC
041 ## - LANGUAGE CODE
Language code of text/sound track or separate title eng
080 ## - UNIVERSAL DECIMAL CLASSIFICATION NUMBER
Universal Decimal Classification number 808.066
082 00 - DEWEY DECIMAL CLASSIFICATION NUMBER
Classification number 808.066 PECH
Edition number 22
100 1# - Rafti
Rafti 11
101 ## - Shkurtesa
Shkurtesa BIO
245 12 - TITLE STATEMENT
Title A short guide to writing about biology /
Statement of responsibility, etc Jan A. Pechenik.
504 ## - BIBLIOGRAPHY, ETC. NOTE
Bibliography, etc Includes bibliographical references (p. 279-280) and index.
906 ## - LOCAL DATA ELEMENT F, LDF (RLIN)
a 7
b cbc
c orignew
d 1
e ecip
f 20
g y-gencatlg
942 ## - ADDED ENTRY ELEMENTS (KOHA)
Source of classification or shelving scheme
Item type Books
Holdings
Withdrawn status Lost status Source of classification or shelving scheme Damaged status Not for loan Collection code Permanent location Current location Shelving location Date acquired Total Checkouts Full call number Barcode Date last seen Price effective from Koha item type
          Koleksioni i përgjithshem UBT - Lipjan UBT - Lipjan Koleksioni i lëndeve mesimore 03/02/2018   808.066 PECH 002-3000795 03/02/2018 03/02/2018 Books
UBT Library © 2015-2024. All rights reserved University Education for Business and Technology